000 007150000a22001810004500
090 _aAR
_b02622
245 1 0 _aAnálisis filogenético de 21 poblaciones latinoamericanas de gatos, mediante 10 loci morfológicos, utilizando métodos de matrices de distancias genéticas y de máxima parsimonia
650 1 4 _aGatos
_996118
650 1 4 _aAnálisis genético
_975159
650 1 4 _aHistoria natural
_993979
650 1 4 _aColonización española
_996119
651 4 _pAmérica del Sur
_992749
041 0 _aInglés
700 1 _aAlvarez, Diana
_996120
100 1 _aRuíz García, Manuel
_915537
942 _cARTICULO
773 1 _tBoletín de la Real Sociedad Española de Historia Natural
_31252
_h3-4
_q139-164
_d1999
_g95
999 _c11685
_d11685